Fluvial geomorphology : a proceedings volume of the Fourth Annual Geomorphology Symposia series held at Binghamton, New York, September 27-28, 1973 /

Bibliographic Details
Corporate Author: Geomorphology Symposium Binghamton, N.Y.
Other Authors: Morisawa, Marie
Format: Conference Proceeding Book
Language:English
Published: London ; Boston : Allen & Unwin, 1981.
Series:"Binghamton" symposia in geomorphology ; no. 4.
Subjects:

MARC

Tag First Indicator Second Indicator Subfields
LEADER 00000cam a2200000 a 4500
001 in00000092844
005 20150923173319.0
008 820521r1981 enka b 10010 eng
010 |a  82141701  
015 |a GB*** 
035 |a (OCoLC)08532944 
035 |9 AAK7851AM 
039 0 |a 2  |b 3  |c 3  |d 3  |e 3 
040 |a DLC  |c DLC  |d TXA  |d UtOrBLW 
049 |a TXAM  |c [1272680] 
050 0 0 |a GB1201  |b  G46 1973 
082 0 |a 551.3/5  |2 19 
111 2 |a Geomorphology Symposium  |n (4th :  |d 1973 :  |c Binghamton, N.Y.) 
245 1 0 |a Fluvial geomorphology :  |b a proceedings volume of the Fourth Annual Geomorphology Symposia series held at Binghamton, New York, September 27-28, 1973 /  |c edited by Marie Morisawa. 
264 1 |a London ;  |a Boston :  |b Allen & Unwin,  |c 1981. 
300 |a 314 pages :  |b illustrations ;  |c 25 cm. 
336 |a text  |b txt  |2 rdacontent 
337 |a unmediated  |b n  |2 rdamedia 
338 |a volume  |b nc  |2 rdacarrier 
490 1 |a The "Binghamton" symposia in geomorphology. International series ;  |v 4 
490 0 |a Geomorphology symposia series ;  |v no. 4, 1973 
500 |a "First published in 1973"--Verso of title page. 
504 |a Includes bibliographies. 
650 0 |a Rivers  |v Congresses. 
650 0 |a Erosion  |x Congresses. 
650 0 |a Sedimentation and deposition  |v Congresses. 
650 0 |a Geomorphology  |v Congresses. 
700 1 |a Morisawa, Marie. 
830 0 |a "Binghamton" symposia in geomorphology ;  |v no. 4. 
999 |a MARS 
999 f f |s ca2b2e36-686c-331b-8dd3-1420a187bda0  |i ed981664-39dd-3761-bd76-cbe3ab7a0664  |t 0 
952 f f |p normal  |a Texas A&M University  |b College Station  |c Sterling C. Evans Library  |d Evans: Library Stacks  |t 0  |e GB1201 G46 1973  |h Library of Congress classification  |i unmediated -- volume  |m A14806281059 
998 f f |a GB1201 G46 1973  |t 0  |l Evans: Library Stacks